000 00439nam a22001817a 4500
003 MPLRDC
005 20220104161704.0
008 210129b ||||| |||| 00| 0 eng d
020 _a7-80275-007-2
082 _a690.66 CY
100 _a陈阳
245 _a坐著火车去西藏
_c
250 _a一版二制
260 _a中国
_b新星出版社
_c2006
300 _b
650 _a中国游记--西藏
942 _cBK
_o690.66 CY
999 _c55608
_d55598